• 首页
  • 本馆介绍
  • 公告通知
  • 最新文献
  • 馆藏检索
  • 电子资源
  • 读者导购
  • 参考咨询
  • 我的图书馆
  • 登录
  • 详细信息显示
  • 放入我的书架
  • 预约/预借图书
  • 作者相关作品
  • 分类相关作品
  • 丛书相关作品
  • 出版社相关作品

书目信息

  • 表格格式
  • 工作单格式
  • 卡片格式
题名:
当代世界经济与政治
    
 
作者: ;上海财经大学政治系 编
分册:  
出版信息: 上海   上海财经大学出版社  2006
页数: 234页
开本: 23cm
丛书名:
单 册:
中图分类: F11
科图分类:
主题词: 世界经济--现代--高等学校--教材 , 世界经济 , 国际政治 , 国际政治--现代--高等学校--教材
电子资源:
ISBN: 7-81098-582-5
000 00926nam0 2200265 450
001 010700020267
005 20061119160513.78
010    @a7-81098-582-5@dCNY23.00
100    @a20060420d2006 em y0chiy0110 ea
101 0  @achi
102    @aCN@b310000
105    @ay z 000yy
200 1  @a当代世界经济与政治@9dang dai shi jie jing ji yu zheng zhi@f上海财经大学政治系,《当代世界经济与政治》课题组编
210    @a上海@c上海财经大学出版社@d2006
215    @a234页@d23cm
300    @a高等院校精品课系列教材
330    @a本书内容包括:当代世界经济的发展及其新格局;当代世界政治的发展与趋势;发达资本主义国家的经济与政治等。
606 0  @a世界经济@z现代@x高等学校@j教材
606 0  @a世界经济
606 0  @a国际政治
606 0  @a国际政治@z现代@x高等学校@j教材
690    @aF11@v4
711 02 @a上海财经大学政治系@9shang hai cai jing da xue zheng zhi xi@4编
801  0 @aCN@bRENTIAN@c20061119
905    @a10447@dF11@e103
    
    当代世界经济与政治/上海财经大学政治系,《当代世界经济与政治》课题组编.-上海:上海财经大学出版社,2006
    234页;23cm
    高等院校精品课系列教材
    
    ISBN 7-81098-582-5:CNY23.00
    本书内容包括:当代世界经济的发展及其新格局;当代世界政治的发展与趋势;发达资本主义国家的经济与政治等。
●
相关链接 在E读中查询图书 在五车中查询图书 在当当中查询图书 在豆瓣中查询图书


正题名:当代世界经济与政治     索取号:F11/103         预约/预借

序号 登录号 条形码 馆藏地/架位号 状态 备注
1 0393145   203931451   第一样本阅览室/ [索取号:F11/103] 在馆    
2 0393146   203931460   第一借阅区/ [索取号:F11/103] 在馆    
3 0393147   203931479   第一借阅区/ [索取号:F11/103] 在馆    
4 0393148   203931488   第一借阅区/ [索取号:F11/103] 在馆    
5 0393149   203931497   第一借阅区/ [索取号:F11/103] 在馆    
唐山师范学院图书馆 欢迎您!
大连网信软件有限公司© 版权所有